Polymer News (Record no. 9404)

MARC details
000 -LEADER
fixed length control field 00365nam a2200133Ia 4500
022 ## - INTERNATIONAL STANDARD SERIAL NUMBER
ISSN 0032-3918
245 #0 - TITLE STATEMENT
Title Polymer News
260 ## - PUBLICATION, DISTRIBUTION, ETC. (IMPRINT)
Name of publisher Gordon and Breach Science Publishers Inc., New York
Place of publication USA
310 ## - CURRENT PUBLICATION FREQUENCY
Current publication frequency M
500 ## - GENERAL NOTE
General note Ending Volume & Year: 9, 1983
500 ## - GENERAL NOTE
General note Starting Volume & Year: 5, 1978
942 ## - ADDED ENTRY ELEMENTS (KOHA)
Koha item type Bound Journal
Holdings
Withdrawn status Lost status Damaged status Not for loan Home library Current library Date acquired Accession Number Koha item type
      Bound journals RRII Library RRII Library 31/12/2021 09351J Bound Journal